Nourriture en B - Statistiques

Statistiques générales
  • Ce quiz a été pris 713 fois
  • Le résultat moyen est 14 sur 16
Statistiques - réponses
Par images Réponse % Correct
Blé
100%
Banane
99%
Beurre
99%
Brocoli
99%
Bière
98%
Baguette
97%
Bacon
92%
Betterave
89%
Biscuit
88%
Brie
86%
Boeuf
81%
Bubble Tea
80%
Basilic
74%
Bouillon
70%
Bar
66%
Boulgour
66%
Aucun quiz correspondant
Distribution des résultats
% des personnes avec chaque résultat
Percentile par nombre de réponses
Votre historique - résultats
Vous n’avez pas pris ce quiz